000 00559 a2200205 4500
005 20250213123255.0
008 250213b |||||||| |||| 00| 0 eng d
020 _a9781319383664
_cRs. Euro 70.99
040 _aMAIN
082 _a519.5
_bM782I(10)
100 _aMoore, David S
245 _aIntroduction to the practice of statistics
250 _a10th
260 _bMacmillan International Higher Education
_c2021
_aNew York
300 _axxx, 679
650 _aStatistics
700 _aMcCabe, George P
700 _aCraig, Bruce A
942 _cBK
999 _c310966
_d310966